|
|
|
|
| LEADER |
01765nam a2200325 a 4500 |
| 001 |
12627185 |
| 008 |
101102r20052003caua b 001 0 eng d |
| 010 |
|
|
|a 2001099789
|
| 020 |
|
|
|a 8181472055
|
| 020 |
|
|
|a 1558605967 (cloth : alk. paper)
|
| 040 |
|
|
|a DLC
|c DLC
|d DLC
|d BD-DhAAL
|
| 082 |
0 |
0 |
|a 004.2/2
|2 21
|
| 100 |
1 |
|
|a Hennessy, John L.
|
| 245 |
1 |
0 |
|a Computer architecture :
|b a quantitative approach /
|c John L. Hennessy, David A. Patterson, with contributions by David Goldberg, Krste Asanovic.
|
| 250 |
|
|
|a 3rd ed.
|
| 260 |
|
|
|a San Francisco, CA ;
|n ew Delhi :
|b Morgan Kaufmann Publishers,
|c c2003
|g (reprinted 2005).
|
| 300 |
|
|
|a 1 v. (various pagings) :
|b ill. ;
|c 25 cm.
|
| 500 |
|
|
|a On t.p. of previous ed. David A Patterson's name appeared first.
|
| 504 |
|
|
|a Includes bibliographical references and index.
|
| 541 |
|
|
|e 00015806
|
| 650 |
|
0 |
|a Computer architecture.
|
| 700 |
1 |
|
|a Patterson, David A.
|
| 700 |
1 |
|
|a Patterson, David A.
|t Computer architecture.
|
| 852 |
4 |
|
|a Ayesha Abed Library
|j General shelf.
|
| 942 |
0 |
0 |
|0 2
|
| 999 |
|
|
|c 10018
|d 10018
|
| 952 |
|
|
|0 0
|1 0
|2 ddc
|4 0
|6 004_220000000000000_HEN_2005
|7 0
|9 13031
|a BRACUL
|b BRACUL
|c GEN
|d 2010-11-02
|l 8
|m 64
|o 004.22 HEN
|p 3010015806
|r 2024-04-23
|s 2023-10-15
|t 1
|w 2010-11-02
|y BK
|
| 952 |
|
|
|0 0
|1 0
|2 ddc
|4 0
|6 004_220000000000000_HEN_2005
|7 0
|9 13032
|a BRACUL
|b BRACUL
|c GEN
|d 2010-11-02
|l 12
|m 113
|o 004.22 HEN
|p 3010015807
|r 2025-08-30
|s 2025-02-11
|t 2
|w 2010-11-02
|y BK
|
| 952 |
|
|
|0 0
|1 0
|2 ddc
|4 0
|6 004_220000000000000_HEN_2005
|7 0
|9 13033
|a BRACUL
|b BRACUL
|c GEN
|d 2010-11-02
|l 9
|m 74
|o 004.22 HEN
|p 3010015805
|r 2024-02-07
|s 2023-09-30
|t 3
|w 2010-11-02
|y BK
|
| 952 |
|
|
|0 0
|1 0
|2 ddc
|4 0
|6 004_220000000000000_HEN
|7 0
|9 13034
|a BRACUL
|b BRACUL
|c GEN
|d 2010-11-02
|g 533.00
|l 6
|m 34
|o 004.22 HEN
|p 3010013119
|r 2024-07-12
|s 2024-06-02
|t 4
|w 2010-11-02
|y BK
|